000
00322nam a22001457a 4500
003
SGT
020
_a
81-8182-021-5
082
_a
615.53
_b
D17M
100
_a
MISHRA, LAL.BANWARI
245
_a
DRAVYAGUNA HASTAMALAK
260
_a
JAIPUR
_b
SARAN BOOK DIPO
_c
2017
300
_a
539
650
_a
AYURVEDA
942
_2
ddc
_c
BK
_0
3
999
_c
16619
_d
16619